| 000 | 00756 a2200169 4500 | ||
|---|---|---|---|
| 003 | Nust | ||
| 005 | 20221022105324.0 | ||
| 040 | _cNust | ||
| 082 | _a620.11,RAM | ||
| 100 |
_aRamamrutham S _943141 |
||
| 245 |
_aElementry Strength of Materials _cS. Ramamrutham and R Narayanan |
||
| 260 |
_aDelhi _bDhanpat Rai _c1988 |
||
| 300 | _a342:p | ||
| 505 | _aSimple Stresses And Strains (Page-1), Strain Energy-Impact Loading (Page-71), Centre Of Gravity And Moment Of Inertia (Page-85), Shear Forces And Bending Moments (Page-126), Stresses In Beams (Page-201), Deflection Of Beams (Page-254), Torsion Of Shafts (Page-281), Riveted Connections (Page-302), Welded Connections (Page-328). | ||
| 650 |
_aElementry Strength of Materials _9101157 |
||
| 942 |
_2ddc _cBK |
||
| 999 |
_c182824 _d182824 |
||